The First U.S. President to... - Statistics

General Stats
  • This quiz has been taken 39 times
    31 since last reset
  • The average score is 6 of 15
Answer Stats
The first U.S president to... Answer % Correct
live in the White House John Adams
92%
be assassinated Abraham Lincoln
85%
be born outside the 48 contiguous states Barack Obama
81%
not be raised in a Protestant family or identify as a Protestant John F. Kennedy
65%
be awarded the Nobel Peace Prize Theodore Roosevelt
65%
become president without military or political experience Donald Trump
62%
be a non-native speaker of English Martin Van Buren
58%
be filmed Grover Cleveland
27%
have served as acting president George H. W. Bush
23%
visit a foreign country in office Theodore Roosevelt
19%
have previously been a governor Thomas Jefferson
19%
more than ten biological children William Henry Harrison
15%
begin his presidency on January 20th Dwight D. Eisenhower
12%
be a Quaker Herbert Hoover
12%
have a Christmas tree in the White House Franklin Pierce
4%
No matching quizzes found
Score Distribution
Percent of People with Each Score
Percentile by Number Answered
Your Score History
You have not taken this quiz since the last reset